Equipe de France 2018 - Où sont-ils aujourd'hui ? - Statistiques

Statistiques générales
  • Ce quiz a été pris 259 fois
  • Le résultat moyen est 15 sur 23
Statistiques - réponses
Joueur Club actuel Club en 2018 % Correct
Presnel Kimpembe PSG PSG
96%
Benjamin Pavard Inter Milan VfB Stuttgart
92%
Lucas Hernandes PSG Atlético Madrid
91%
Steve Mandanda Rennes OM
91%
Adil Rami Retraite OM
90%
Hugo Lloris Los Angeles Tottenham
86%
Ousmane Dembélé PSG FC Barcelone
86%
Kilian Mbappé Réal Madrid PSG
86%
Raphaël Varane Retraite Real Madrid
86%
Antoine Griezmann Atlético Madrid Atlético Madrid
85%
Corentin Tolisso Olympique Lyonnais Bayern Munich
84%
Blaise Matuidi Retraite Juventus
83%
Olivier Giroud Los Angeles Chelsea FC
77%
Alphonse Areola West Ham United PSG
77%
Samuel Umtiti Lille FC Barcelone
67%
Thomas Lemar Atlético Madrid AS Monaco
64%
N'Golo Kante Al Ittihad Chelsea FC
53%
Paul Pogba Aucun Manchester United
41%
Djibril Sidibé Toulouse AS Monaco
39%
Florian Thauvin Udinese Calcio OM
29%
Benjamin Mendy FC Zurich Manchester City
14%
Nabil Fekir Al Jazira OL
6%
Steven Nzonzi Sepahan Séville FC
6%
Aucun quiz correspondant
Distribution des résultats
% des personnes avec chaque résultat
Percentile par nombre de réponses
Votre historique - résultats
Vous n’avez pas pris ce quiz